000 00556nam a22001937a 4500
005 20251108173002.0
008 250721s1989 xx 000 0 ara d
082 1 4 _a616.079 /دجا
100 1 _aالدجاني، يحيى فائق
245 1 0 _aموجز الإيدز /
264 1 _aعمان :
_bالمختبرات الطبية التخصصية،
_c1989.
300 _a32 ص
650 1 7 _aالإيدز
650 1 7 _aالأمراض
650 1 7 _aالمناعة
700 1 _aالصريف، عارف محمد
942 _2ddc
_cBK
999 _c93398
_d93398